000
00329nam a2200133Ia 4500
008
221030s9999 xx 000 0 und d
041
_a
English
100
_a
S. Brown
245
0
_a
Fundamentals of Digital Logic With VHDL Design
_c
by S. Brown, Z. Vranesic
260
_c
0
650
_a
B
700
_a
Z. Vranesic
942
_c
BK
999
_c
14097
_d
14097